Representations of algebras : proceedings of the conference held in São Paulo /
Guardado en:
| Autor Corporativo: | |
|---|---|
| Otros Autores: | , |
| Formato: | Libro |
| Idioma: | English |
| Publicado: |
New York :
Marcel Dekker,
c2002.
|
| Series: | Lecture notes in pure and applied mathematics ;
v. 224 |
| Materias: | |
| Acceso en línea: | Publisher description |
| Etiquetas: |
Agregar Etiqueta
Sin Etiquetas, Sea el primero en etiquetar este registro!
|
| LEADER | 01022cam a22002534a 4500 | ||
|---|---|---|---|
| 001 | MAT.inmabb004676 | ||
| 008 | 010920s2002####nyu######b####100#0#eng## | ||
| 005 | 20160321165248.0 | ||
| 245 | 1 | 0 | |a Representations of algebras : |b proceedings of the conference held in São Paulo / |c edited by Flávio Ulhoa Coelho, Héctor A. Merklen. |
| 260 | |a New York : |b Marcel Dekker, |c c2002. | ||
| 300 | |a xvii, 282 p. ; |c 26 cm. | ||
| 440 | 0 | |a Lecture notes in pure and applied mathematics ; |v v. 224 | |
| 504 | |a Incluye referencias bibliográficas. | ||
| 510 | 4 | |a MR, |c 2002i:16001 | |
| 020 | |a 0824707338 | ||
| 111 | 2 | |a Conference on Representations of Algebras |d (1999 : |c São Paulo) | |
| 700 | 1 | |a Coelho, Flávio Ulhoa. | |
| 700 | 1 | |a Merklen, Héctor A. | |
| 650 | 0 | |a Representations of algebras |v Congresses. | |
| 084 | |a 16-06 (16Gxx) |2 MR | ||
| 010 | |a 2001053344 | ||
| 040 | |a DLC |c DLC |d DLC | ||
| 856 | 4 | 2 | |3 Publisher description |u http://www.loc.gov/catdir/enhancements/fy0647/2001053344-d.html |
| 859 | |h 16 |i R425s |p A-8466 |b BIB. MATEMATICA | ||
